Emocionálne a sociálne narušené dieťa a jeho inštitucionálna výchova

Bibliographic Details
Main Author: Škoviera, Albín, 1949- (Author)
Format: Book
Language:Slovak
PhysicalDescription:57 strán schémy, tabuľky 22 cm
Published: Bratislava Metodicko-pedagogické centrum 2002
ISBN:8080521670
Edition:1. vyd.
Subjects:

MARC

LEADER 00000cam a2200000 a 4500
001 vtls001469103
003 SK-MaSNL
005 20260301135042.0
008 220107s2002 xo l grfn 00000 slo
015 |a SNBA2004/12-06672 
020 |a 8080521670  |q (brožované) 
035 |a SNK000424408 
035 |a urn:nbn:sk:snk-am3ixfo 
035 |a 30875250-8BD3-460D-919F-B28AD76BAEC6 
035 |a urn:nbn:sk:snk-am00g4a0 
040 |a SNK  |b slo  |c SNK  |e AACR2 
041 0 |a slo 
044 |a xo  |c SK 
072 7 |a 376  |x Výchova a vzdelávanie zvláštnych skupín osôb  |2 konspekt 
080 |a 316.346.32-053.6-056.49  |2 2011 
080 |a 316.346.32-053.2-056.49  |2 2011 
080 |a 364-782.4  |2 2011 
080 |a 37.01/.09  |2 2011 
080 |a 376  |2 2011 
080 |a (072)  |2 2011 
100 1 |a Škoviera, Albín,  |d 1949-  |4 aut  |9 209971 
245 1 0 |a Emocionálne a sociálne narušené dieťa a jeho inštitucionálna výchova  |c Albín Škoviera 
250 |a 1. vyd. 
260 |a Bratislava  |b Metodicko-pedagogické centrum  |c 2002 
300 |a 57 strán  |b schémy, tabuľky  |c 22 cm 
366 |e 300 kusov 
500 |a Názov z obálky 
504 |a Bibliografia na strane 56-57 
650 0 7 |a narušená mládež  |2 SNKPH  |9 68922 
650 0 7 |a problémové deti  |2 SNKPH  |9 4891 
650 0 7 |a sociálna starostlivosť  |2 SNKPH  |9 3737 
650 0 7 |a náhradná rodinná starostlivosť  |2 SNKPH  |9 1001 
650 0 7 |a výchova a vzdelávanie  |2 SNKPH  |9 1684 
650 0 7 |a špeciálna pedagogika  |2 SNKPH  |9 958 
655 7 |a metodické príručky  |2 SNKPH  |9 70250 
919 |a 80-8052-167-0 
958 |a NB 
958 |a OND 
999 |c 758939  |d 760869 
952 |t P60, <03>, [BOOK], {603}, -K-  |a SNK  |b SNK  |y PREZ  |7 0  |p 17A0415457  |o snkSC 114847  |i snkKSP 3072/2004  |0 0  |1 0  |4 0  |d 2004-03-01  |f 1  |l 0  |r 2025-10-03 00:00:00  |w 2026-02-23 
952 |t P60, <04>, [BOOK], {604}  |a SNK  |b SNK  |y VYP  |7 0  |p 17A0415458  |o snkSC 114847 D1  |i snkKSP 3073/2004  |0 0  |1 0  |4 0  |d 2004-03-01  |l 0  |r 2005-01-02 00:00:00  |w 2026-02-23 
952 |a SNK  |b SNK  |y VYP  |7 0  |p 17A0415459  |o snkSC 114847 D2  |i snkKSP 3074/2004  |0 0  |1 0  |4 0  |d 2004-03-01  |l 0  |r 2005-01-02 00:00:00  |w 2026-02-23